| Registos Bibliográficos associados ao registo de autoridade |
|
Etiqueta de registo: 00254nam 2200025 450 001 2195291 003 http://id.bnportugal.gov.pt/bib/catbnp/2195291 010 ## $a978-989-8474-72-8 021 ## $aPT$b536467/24 100 ## $a20241107d2024 m y0pory01030103ba 101 0# $apor$aeng 102 ## $aPT 105 ## $aa b 000yy 106 ## $ar 200 1# $aSuperfícies não orientáveis$dNon-orientable surfaces$ftextos Diogo Martins... [et al.]$gfot. Fausto$gtrad. Manuel Neto$gartistas Diogo Martins... [et al.]$zeng 210 #9 $aGuimarães$cOficina$cGuimarães Project Room,$d2024 215 ## $a127 p.$cil.$d24 cm$etextos (27 p.) 510 1# $aNon-orientable surfaces$zeng 675 ## $a7A/Z(=1:469)"20"(083.82)$vBN$zpor$31300164 675 ## $a73/77.038.5/.6(=1:469)"20"(083.82)$vBN$zpor$31936127 701 #1 $aMartins,$bDiogo,$f1990-$4070$31934748 702 #1 $aNeto,$bManuel$4730$3286249 702 #0 $96$aFausto$4600$31934750 801 #0 $aPT$bBN$gRPC 856 41 $uhttp://rnod.bnportugal.gov.pt/ImagesBN/winlibimg.aspx?skey=&doc=2195291&img=201074&save=true 900 ## $aBIBNAC$d20241129 966 ## $lBN$mFGMON$sB.A. 51729 V.$x1 966 ## $lBN$mFGMON$sB.A. 51729 V.-D$x1 971 ## $cjbeatriz$d20241107 972 ## $e0$z0$d20241129$viquintas 973 ## $ctrodrigues$d20241120 975 ## $e0$d20241202$viraminhos
Etiqueta de registo: 00254nam 2200025 450 001 2287939 003 http://id.bnportugal.gov.pt/bib/catbnp/2287939 010 ## $a978-989-33-9519-6 021 ## $aPT$b562820/26 100 ## $a20260616d2026 m y0pory01030103ba 101 0# $apor 102 ## $aPT 105 ## $aa z 000yy 106 ## $ar 200 1# $aSob o efeito do destino$fJúlia Quintino, Diogo Martins$gcoord. Francisco Teixeira$gil. Paulo Sousa 205 ## $a1ª ed 210 #9 $aAlverca do Alentejo$cAssociação Memória e Cultura,$d2026 215 ## $a55 p.$cil.$d21 cm 700 #1 $aQuintino,$bJúlia$32000669 701 #1 $aMartins,$bDiogo,$f1990-$4070$31934748 702 #1 $aTeixeira,$bFrancisco José Alves,$f1967-$4340$3973664 801 #0 $aPT$bBN$gRPC 966 ## $lBN$mFGMON$x1 971 ## $cabrito$d20260616
|
|
|